01322 2200205 4500001002100000005001500021035002000036008004100056245003900097100001300136250000600149260003800155300001200193084001400205082000800219650001000227520085500237990001201092990001201104INLIS00000000000088320240604092634 a0010-0524000118240604 1 ind 1 aSupermarket Supercinta /cKinoysan aKinoysan a1 aYogyakarta :bSheila/ Andi,c2014 a168 hlm a813 KIN s a813 4aFiksi aSiapa sih yang nggak pernah belanja di supermarket sekarang ini? Nah cerita dalam novel Supermarket Supercinta ini mengisahkan perjuangan Dhena, staf gudang di supermarket Supercinta untuk mencapai impiannya, yaitu punya karir bagus, pacar ganteng, dan suatu saat ingin ke Pasadena, AS. Untuk itu, ia harus bersaing ketat dengan Monic yg sangat ambisius, pintar cari muka di depan para manajer, sangat merendahkan Dhena, dan ingin memenangkan kontes karyawan terbaik di supermarket Supercinta dengan berbagai cara. Apakah Dhena mampu meraih karir yang bagus di supermarket Supercinta, lalu punya pacar ganteng, penasarankan? Apakah Dhena juga mampu mewujudkan keinginannya untuk ke Pasadena, AS? Yuk simak kisah Dhena dalam novel ini! Pasti seru! Oke sobat, semoga terhibur dan bisa mendapatkan sesuatu yang baru dari novel Supermarket Supercinta. a0741366 a0741367